| 000 | 00779nam a2200181 i 4500 | ||
|---|---|---|---|
| 001 | 166067 | ||
| 003 | ES-MaACL | ||
| 005 | 20251123063308.0 | ||
| 008 | 991020s1886 sp |||| | spa d | ||
| 040 |
_aCCPB | B _bspa _cCCPB | B |
||
| 100 | 1 |
_aTaronjí y Cortés, José, _d1847-1890 _9133134 |
|
| 245 | 1 | 3 |
_aLa Biblia considerada como poema _b: discurso leído en la solemne apertura del curso académico de 1886 á 1887 en el seminario de San Dionisio / _cpor José Taronjí y Cortés. |
| 260 |
_aGranada : _b[s.n.], _c1886 ( _fImpreeta [sic] de José López Guevara) |
||
| 300 |
_a27 p. ; _c28 cm. |
||
| 650 | 4 |
_aBiblia- _xCrítica e interpretación. _9190007 |
|
| 852 |
_aES-MaACL _jT-446-F-3 _z-- Enc. hol. _z-- Enc. en un vol. facticio |
||
| 999 |
_c166067 _d166067 |
||